Statistiques concernant Vainqueur de grand prix F1 en 2019

Cliquez ici pour prendre le quiz!

Statistiques générales

  • Ce quiz a été pris 171 fois
  • Le résultat moyen est 19 sur 20

Statistiques - réponses

Grand prixVainqueur% Correct
GP HongrieHamilton
98%
GP RussieHamilton
98%
GP ChineHamilton
98%
GP EspagneHamilton
98%
GP MonacoHamilton
98%
GP CanadaHamilton
98%
GP FranceHamilton
98%
GP de Grande BretagneHamilton
98%
GP MexiqueHamilton
98%
GP BhareinHamilton
98%
GP BrésilVerstappen
97%
GP Abou DabiVerstappen
97%
GP d'AllemagneVerstappen
97%
GP ItalieLeclerc
94%
GP BelgiqueLeclerc
94%
GP JaponBottas
85%
GP USABottas
85%
GP AzerbaidjanBottas
85%
GP d'AustralieBottas
85%
GP SingapourVettel
83%

Distribution des résultats

Percentile par nombre de réponses

% des personnes avec chaque résultat

Votre développement - résultats

Vous n’avez pas pris ce quiz